000
00262nam a2200109Ia 4500
005
20251222141810.0
008
251222s9999||||xx |||||||||||||| ||spa||
082
_a
371.7/G23
100
_a
García Escudero, Felipe Ignacio
245
0
_a
Alta dirección
942
_c
LIB
999
_c
6432
_d
6432